|
|
|
|
| LEADER |
00000nab a2200000 a 4500 |
| 001 |
vtls000658144 |
| 003 |
SK-MaSNL |
| 005 |
20260304201313.0 |
| 008 |
250425c1998 xo 0 slo |
| 015 |
|
|
|a SNBRB1998/04-08813
|
| 035 |
|
|
|a CLN000010336
|
| 035 |
|
|
|a urn:nbn:sk:snk-abhxj
|
| 035 |
|
|
|a (urnnbn)urn:nbn:sk:snk:ar-a059ju
|
| 035 |
|
|
|a (uuid)881ae917-84c2-4b34-a1de-31d1809f9b1b
|
| 040 |
|
|
|a SNKBUCL
|b slo
|c SNKBUCL
|e AACR2
|
| 041 |
0 |
|
|a slo
|
| 044 |
|
|
|a xo
|c SK
|
| 080 |
|
|
|a 616.321-008.1:616.71-002.28
|2 1997
|
| 080 |
|
|
|a 616.71-002.28
|2 1997
|
| 100 |
1 |
|
|a Šramková, Iveta
|4 aut
|9 14090
|
| 245 |
1 |
0 |
|a Dysfágia pri Forestierovej chorobe - kazuistika
|c I. Šramková, M. Krošlák, O. Dzurková
|
| 300 |
|
|
|b Obr.
|
| 504 |
|
|
|a Res. angl., slov. Bibliogr. odkazy
|
| 650 |
0 |
7 |
|a dysfágia
|2 snkbucl
|9 856065
|
| 650 |
0 |
7 |
|a osteofyty
|2 snkbucl
|9 257891
|
| 650 |
0 |
7 |
|a hyperostóza skeletálna idiopatická
|2 snkbucl
|9 1533006
|
| 655 |
|
7 |
|a články z novín a časopisov
|2 snkbucl
|9 267496
|
| 700 |
1 |
|
|a Krošlák, M.
|4 aut
|9 822800
|
| 700 |
1 |
|
|a Dzurková, O.
|4 aut
|9 1129964
|
| 773 |
0 |
|
|t Choroby hlavy a krku
|g Roč. 7, č. 1 (1998), s. 41-44
|x 1210-0447
|
| 850 |
|
|
|a Slovenská národná knižnica
|
| 852 |
|
|
|a Slovenská národná knižnica
|
| 954 |
|
|
|a odborná, vedecká literatúra pôvodná (slovenská)
|2 lita
|
| 958 |
|
|
|a article27
|
| 958 |
|
|
|a NB
|
| 958 |
|
|
|a OND
|
| 958 |
|
|
|a EUIPO
|
| 992 |
|
|
|a RBX
|
| 999 |
|
|
|c 3094321
|d 3096251
|